Southville International School and Colleges
Your cart is empty.
  • Cart
  • Lists
    Public lists Eva Luna New books Lux_list list_1
    Your lists Log in to create your own lists
  • Log in to your account
  • Your cookies
  • Search history
Southville International School and Colleges
  • Advanced search
  • Recent comments
  • Most popular
  • Libraries

Log in to your account

Log in with GOOGLE


If you do not have an external account, but do have a local account, you can still log in:

  1. Home
  2. MARC view: A Comprehensive Guide to Angel Theraphy /
Normal view MARC view ISBD view

A Comprehensive Guide to Angel Theraphy / (Record no. 8381)

[ view plain ]
MARC details
000 -LEADER
fixed length control field 00562nam a22001937a 4500
003 - CONTROL NUMBER IDENTIFIER
control field OSt
005 - DATE AND TIME OF LATEST TRANSACTION
control field 20140310182022.0
008 - FIXED-LENGTH DATA ELEMENTS--GENERAL INFORMATION
fixed length control field 130801t xxu||||| |||| 00| 0 eng d
020 ## - INTERNATIONAL STANDARD BOOK NUMBER
International Standard Book Number 1903327288
050 ## - LIBRARY OF CONGRESS CALL NUMBER
Classification number BT 966.2
Item number .B877 2001
082 ## - DEWEY DECIMAL CLASSIFICATION NUMBER
Classification number TR 235.3
Item number B81 2001
100 ## - MAIN ENTRY--PERSONAL NAME
Personal name Brown, Denise Whichello
9 (RLIN) 7152
245 ## - TITLE STATEMENT
Title A Comprehensive Guide to Angel Theraphy /
Statement of responsibility, etc Denise Whichello Brown.
260 ## - PUBLICATION, DISTRIBUTION, ETC. (IMPRINT)
Place of publication, distribution, etc England :
Name of publisher, distributor, etc D&S Books,
Date of publication, distribution, etc c2001.
300 ## - PHYSICAL DESCRIPTION
Extent 128 p. :
Other physical details col. ill. ;
Dimensions 29 cm.
650 ## - SUBJECT ADDED ENTRY--TOPICAL TERM
Topical term or geographic name as entry element Angels.
9 (RLIN) 7153
942 ## - ADDED ENTRY ELEMENTS (KOHA)
Source of classification or shelving scheme Library of Congress Classification
Koha item type
Call number prefix
Holdings
Withdrawn status Lost status Source of classification or shelving scheme Damaged status Home library Current library Shelving location Date acquired Total Checkouts Full call number Barcode Date last seen Copy number Price effective from Koha item type
    Library of Congress Classification   Luxembourg Library Luxembourg Library Teachers Reference Section 08/01/2013   BT 966.2 .B877 2001 11371 08/13/2013 1 08/01/2013 Books

A Comprehensive Guide to Angel Theraphy /

APA

Brown D. W., . (2001). A Comprehensive Guide to Angel Theraphy. England: D&S Books.

Chicago

Brown Denise Whichello, . 2001. A Comprehensive Guide to Angel Theraphy. England: D&S Books.

Harvard

Brown D. W., . (2001). A Comprehensive Guide to Angel Theraphy. England: D&S Books.

MLA

Brown Denise Whichello, . A Comprehensive Guide to Angel Theraphy. England: D&S Books. 2001.

  • Place hold
  • Print
  • Cite
  • Add to your cart (remove)
  • Save record
    BIBTEX Dublin Core MARCXML MARC (non-Unicode/MARC-8) MARC (Unicode/UTF-8) MARC (Unicode/UTF-8, Standard) MODS (XML) RIS
  • More searches
    Search for this title in:
    Other Libraries (WorldCat) Other Databases (Google Scholar) Online Stores (Bookfinder.com) Open Library (openlibrary.org)

Exporting to Dublin Core...

SOUTHVILLE LIBRARY

Southville International School and Colleges Library

1281 Tropical Ave. Cor. Luxembourg St., BF Homes International, Las Pinas City

Tel. No. 8256374 / 252358 Loc. 117/146

Powered by Koha